| 000 | 00567nam a2200193 a 4500 | ||
|---|---|---|---|
| 005 | 20210219153354.0 | ||
| 008 | 991125n 000 0 u | ||
| 035 | _aUPN01000094655 | ||
| 100 | _aThomas, John W. | ||
| 222 | _aTHE ELEMENTARY SCHOOL JOURNAL | ||
| 245 | _aPromoting independent learning in the middle grades : the role of instructional support practices | ||
| 300 | _a575-591 | ||
| 362 | _a93, No. 5, 1993 | ||
| 505 | _aOctubre 1993 | ||
| 653 | 0 | _aESCUELAS MEDIAS | |
| 653 | 0 | _aESTUDIO INDEPENDIENTE | |
| 904 |
_aAC _b032466 |
||
| 905 | _aArticulo | ||
| 999 |
_c75211 _d75211 |
||